000
00255nam a2200097Ia 4500
008
171211s9999 xx 000 0 und d
245
_a
Sony DSC W800 User Guide
260
_c
2017
650
_x
cinema
856
_u
http://down.ebook777.com/063/B071LJTRTW.pdf
999
_c
348732
_d
348732